8 mots dans mots : der (mort subite) - Statistiques

Statistiques générales
  • Ce quiz a été pris 88 fois
  • Le résultat moyen est 6 sur 8
Answers on the Grid
Answers color-coded by a green-red scale on the quiz's grid according to % correct below.
Confé---ation
Codeman---esse
Seco---rité
Consi---ablement
Déconsi---ation
Fri---arium
Fé---aliser
Manda---ier
Anti---apante
Multistan---d
Cardiomo---ateur
Ete---rd
Désolid---iser
Standa---ser
Porte - ét---ard
Electro---mographie
 
Statistiques - réponses
Réponse % Correct
Confé---ation
98%
Consi---ablement
90%
Déconsi---ation
89%
Anti---apante
85%
Fé---aliser
79%
Electro---mographie
68%
Cardiomo---ateur
62%
Codeman---esse
27%
Aucun quiz correspondant
Distribution des résultats
% des personnes avec chaque résultat
Percentile par nombre de réponses
Votre historique - résultats
Vous n’avez pas pris ce quiz